00611cam a22002051 450000100060000000300080000600500170001400800390003103500190007003500180008904000410010704100080014808200180015610000350017424500690020926000420027830000240032050400350034465000260037931848BD-RjUL20211209051745.0140422s1958 nyu b 001 0 eng a(BD-RjUL)31936 a(OCoLC)370628 aDLCcODaWUdOCoLCdDLCdBD-RjULbeng aeng a191bRIA 19581 aRiley, Woodbridge.d1869-1933.10aAmerican philosophy :bthe early schools /cby Woodbridge Riley. aNew York :bRussell & Russell,c1958. ax, 595 p. ;c22 cm. aIncludes bibliography & Index. 0aPhilosophy, American.